| 000 | 00940nam a22002892 4500 | ||
|---|---|---|---|
| 001 | 66208 | ||
| 003 | BD-RjUL | ||
| 005 | 20211209081518.0 | ||
| 008 | 190325s19611959enka 001 0 eng | ||
| 035 | _aOCLC ocm04110558 from D961127M | ||
| 035 | _a(BD-RjUL) | ||
| 040 |
_aDLC _cGAT _dEQO _dBD-RjUL _beng |
||
| 041 | _aeng | ||
| 082 |
_223 _a657 _bSPS 1961 |
||
| 100 | 1 |
_aSpicer, Ernest Evan. _9229648 |
|
| 245 | 1 | 0 |
_aSpicer and Pegler's book-keeping and accounts / _cErnest Evan Spicer. |
| 250 |
_a15th ed / _bby W. W. Bigg, H. A. R. J. Wilson, and A. E. Langton. |
||
| 260 |
_aLondon : _bH. F. L., _cc1959 [impression1961] |
||
| 300 |
_a615 p.: _billus.; _c25 cm. |
||
| 650 | 0 |
_aAccounting. _9229649 |
|
| 700 | 1 |
_aBigg, Walter W. _q(Walter William), _d1903- _9229650 |
|
| 700 | 1 |
_aWilson, H. A. R. J. _9229651 |
|
| 700 | 1 |
_aPegler, Ernest Charles. _9229652 |
|
| 942 |
_2ddc _cBK |
||
| 999 |
_c66208 _d66208 |
||